[Event "Sokolka op 4th"]
[Site "Sokolka"]
[Date "2013.??.??"]
[Round "9"]
[White "Miakisz, Wojciech"]
[Black "Kotarski, Grzegorz"]
[Result "0-1"]
[WhiteElo "1627"]
[BlackElo "1478"]
[PlyCount "96"]
[EventDate "2013.07.??"]
[EventType "swiss"]
[EventRounds "9"]
[EventCountry "POL"]
[SourceTitle "EXT 2015"]
[Source "ChessBase"]
[SourceDate "2014.11.20"]
[SourceVersion "1"]
[SourceVersionDate "2014.11.20"]
[SourceQuality "1"]

1. d4 c5 2. d5 e5 3. e4 d6 4. Bd3 Nf6 5. h3 Be7 6. Ne2 a6 7. a4 Nbd7 8. 0-0 Qc7 9. Nd2 Rb8 10. Nc3 0-0 11. Qe2 Re8 12. Nd1 Nf8 13. f4 exf4 14. Rxf4 Ng6 15. Rf1 Bd7 16. c4 Ne5 17. a5 Rf8 18. Ne3 Ne8 19. Nf5 Bxf5 20. Rxf5 Bf6 21. Rf1 Qe7 22. Bc2 Nc7 23. Nf3 b6 24. axb6 Rxb6 25. Rb1 a5 26. b3 Na6 27. Bf4 Nxf3+ 28. Rxf3 Nb4 29. Rbf1 Be5 30. Bc1 f6 31. Bd1 Re8 32. Re1 Rb7 33. Rf5 Qf7 34. Ref1 Rbe7 35. Re1 Bg3 36. Ref1 Rxe4 37. Qf3 Be1 38. Bg5 Bh4 39. Bxh4 Rxh4 40. Qg3 Rh6 41. Qxd6 Nd3 42. Bc2 Ne1 43. Bb1 Qg6 44. R1f2 Rxh3 45. Rxf6 Nf3+ 46. R2xf3 Qxb1+ 47. Kf2 Rxf3+ 48. Rxf3 Qe1# 0-1

[Event "POL-chT 2st League"]
[Site "Mrzezyno"]
[Date "2010.09.09"]
[Round "6.83"]
[White "Lis, Marek"]
[Black "Kotarski, Grzegorz"]
[Result "1-0"]
[WhiteElo "2085"]
[BlackElo "1586"]
[PlyCount "94"]
[EventDate "2010.09.04"]
[EventType "team-swiss"]
[EventRounds "9"]
[EventCountry "POL"]
[SourceTitle "EXT 2019"]
[Source "ChessBase"]
[SourceDate "2018.10.10"]
[SourceVersion "1"]
[SourceVersionDate "2018.10.10"]
[SourceQuality "1"]
[WhiteTeam "Czarna LKSz GCKiP"]
[BlackTeam "Lomza Devo Maraton"]
[WhiteTeamCountry "POL"]
[BlackTeamCountry "POL"]

1. e4 e6 2. d4 d5 3. e5 c5 4. c3 Nc6 5. Nf3 Nge7 6. a3 Ng6 7. b4 c4 8. Be2 Be7 9. Be3 Bd7 10. a4 a6 11. Na3 Na7 12. 0-0 b5 13. axb5 Nxb5 14. Qd2 0-0 15. g3 Qc7 16. h4 Rfe8 17. Nxb5 axb5 18. h5 Nf8 19. Nh2 Qd8 20. g4 h6 21. f4 Nh7 22. Nf3 f6 23. Kh1 Kh8 24. Rxa8 Qxa8 25. Bd1 Qd8 26. Bc2 f5 27. g5 Rg8 28. Rg1 Be8 29. Qh2 g6 30. gxh6 Bf8 31. hxg6 Rxg6 32. Rxg6 Bxg6 33. Bf2 Be7 34. Qg2 Qg8 35. Bh4 Bxh4 36. Nxh4 Bh5 37. Bxf5 Qxg2+ 38. Kxg2 exf5 39. Nxf5 Bg4 40. Nd6 Bd7 41. f5 Kg8 42. Kg3 Ng5 43. e6 Nxe6 44. fxe6 Bxe6 45. Nxb5 Kh7 46. Nc7 Bf7 47. b5 Bg6 1-0

[Event "POL-chT 2st League"]
[Site "Mrzezyno"]
[Date "2010.09.08"]
[Round "5.77"]
[White "Kotarski, Grzegorz"]
[Black "Dziodzio, Angelika"]
[Result "0-1"]
[WhiteElo "1586"]
[BlackElo "1864"]
[PlyCount "105"]
[EventDate "2010.09.04"]
[EventType "team-swiss"]
[EventRounds "9"]
[EventCountry "POL"]
[SourceTitle "EXT 2019"]
[Source "ChessBase"]
[SourceDate "2018.10.10"]
[SourceVersion "1"]
[SourceVersionDate "2018.10.10"]
[SourceQuality "1"]
[WhiteTeam "Lomza Devo Maraton"]
[BlackTeam "Rybnik MKSz"]
[WhiteTeamCountry "POL"]
[BlackTeamCountry "POL"]

1. d4 Nf6 2. c4 c5 3. d5 b5 4. cxb5 a6 5. Nc3 axb5 6. Nxb5 d6 7. Nc3 Ba6 8. Nf3 g6 9. Be3 Bg7 10. g3 Nbd7 11. Bg2 0-0 12. Qd2 Nb6 13. Qc1 Nfxd5 14. Nxd5 Nxd5 15. Bh6 Qa5+ 16. Bd2 Qc7 17. Ng5 Bb7 18. 0-0 Nf6 19. Nf3 Rfb8 20. Bc3 Ra7 21. Re1 Qb6 22. Nd2 d5 23. Be5 Rc8 24. Nb3 Nd7 25. Bxg7 Kxg7 26. e3 Rca8 27. Qc3+ Kg8 28. a3 Rb8 29. Bh3 e6 30. Rec1 Rc8 31. Nd2 Ba8 32. b4 Rac7 33. Qb2 Qb7 34. Bg2 c4 35. Rc3 Ne5 36. Qc2 Nd3 37. Rb1 e5 38. Rxc4 Rxc4 39. Nxc4 e4 40. Nd6 Rxc2 41. Nxb7 Bxb7 42. Ra1 Rxf2 43. b5 Rb2 44. a4 Ne5 45. Rc1 Nc4 46. Bxe4 Nxe3 47. Bf3 g5 48. Rc7 f5 49. Bh1 Rb1+ 50. Kf2 Nd1+ 51. Kg1 Nc3+ 52. Kf2 Nxa4 53. Rxb7 0-1

[Event "Lomza op"]
[Site "Lomza"]
[Date "2010.08.29"]
[Round "5.4"]
[White "Michalak, Robert"]
[Black "Kotarski, Grzegorz"]
[Result "1-0"]
[WhiteElo "1808"]
[BlackElo "1586"]
[PlyCount "89"]
[EventDate "2010.08.24"]
[EventType "swiss"]
[EventRounds "9"]
[EventCountry "POL"]
[SourceTitle "EXT 2023"]
[Source "ChessBase"]
[SourceDate "2022.10.05"]
[SourceVersion "1"]
[SourceVersionDate "2022.10.05"]
[SourceQuality "1"]

1. d4 c5 2. d5 Nf6 3. c4 b5 4. cxb5 a6 5. bxa6 Bxa6 6. Nc3 d6 7. Bg5 Nbd7 8. g3 h6 9. Bd2 g6 10. Bg2 Bg7 11. Qc1 Nb6 12. e4 Nc4 13. Nge2 Nxd2 14. Qxd2 0-0 15. 0-0 Qd7 16. Rfd1 Rfb8 17. Rab1 Rb6 18. h3 Rab8 19. Kh2 Ne8 20. f4 Bxe2 21. Nxe2 Rxb2 22. Rxb2 Rxb2 23. Qe3 Rxa2 24. e5 Qb5 25. Re1 Qb4 26. Nc1 Ra3 27. Qf2 Qc3 28. Rf1 dxe5 29. fxe5 Bxe5 30. Qxf7+ Kh8 31. Qxe8+ Kh7 32. Qxe7+ Bg7 33. Ne2 Qb2 34. Rf7 c4 35. Rxg7+ Qxg7 36. Qxa3 Qe5 37. Qf3 h5 38. Qf7+ Kh8 39. Nf4 Qg7 40. Nxg6+ Kh7 41. Nf8+ Kh8 42. Qxh5+ Kg8 43. Ne6 Qe7 44. Qg5+ Kf7 45. Qf4+ 1-0

[Event "Bialystok Spring op-B"]
[Site "Bialystok"]
[Date "2010.05.02"]
[Round "4"]
[White "Kotarski, Grzegorz"]
[Black "Ocytko, Michal"]
[Result "0-1"]
[WhiteElo "1670"]
[BlackElo "1410"]
[PlyCount "126"]
[EventDate "2010.05.01"]
[EventType "swiss"]
[EventRounds "9"]
[EventCountry "POL"]
[SourceTitle "EXT 2012"]
[Source "ChessBase"]
[SourceDate "2011.11.24"]
[SourceVersion "1"]
[SourceVersionDate "2011.11.24"]
[SourceQuality "1"]

1. d4 d5 2. c4 Nf6 3. cxd5 Qxd5 4. Nc3 Qd8 5. Bg5 c6 6. e3 g6 7. Bd3 Bg7 8. Nge2 Nbd7 9. 0-0 0-0 10. f3 Re8 11. e4 Qc7 12. Ng3 Nb6 13. a4 a5 14. Rc1 Qd7 15. Bc2 e5 16. dxe5 Rxe5 17. f4 Re8 18. e5 Qxd1 19. Rcxd1 Nfd5 20. Nxd5 Nxd5 21. Rde1 Nb4 22. Bb1 Be6 23. Ne4 Reb8 24. Nd6 Bf8 25. f5 Bxd6 26. fxe6 Bc5+ 27. Kh1 fxe6 28. Rd1 Nd5 29. Rf3 Rf8 30. Rdf1 Rxf3 31. Rxf3 Rf8 32. Bf6 Nxf6 33. exf6 Kf7 34. g4 Rd8 35. Rf1 Rd2 36. h4 Rxb2 37. g5 Rb4 38. h5 Rh4+ 39. Kg2 Rxh5 40. Rd1 Rxg5+ 41. Kf3 Rd5 42. Re1 Kxf6 43. Ba2 Rd6 44. Kf4 Rd4+ 45. Kf3 e5 46. Rh1 h5 47. Bb1 Rxa4 48. Rh2 Rf4+ 49. Ke2 h4 50. Rh3 g5 51. Bd3 b5 52. Rh1 a4 53. Rc1 e4 54. Bb1 Bd6 55. Rxc6 Ke5 56. Rc8 h3 57. Re8+ Kd4 58. Rd8 Kc5 59. Ke3 h2 60. Rc8+ Kb4 61. Rc1 Rh4 62. Bxe4 a3 63. Bd5 Bf4+ 0-1